Harrison. Principios de medicina interna /

Guardado en:
Otros Autores: Kasper, Dennis L., Harrison, Tinsley Randolph, 1900-1978.
Formato: Libro
Idioma:Spanish
English
Publicado: México, D.F. : McGraw-Hill Interamericana, c2006.
Edición:16a. ed.
Materias:
Etiquetas: Agregar Etiqueta
Sin Etiquetas, Sea el primero en etiquetar este registro!
LEADER 02050nam a22003135a 4500
001 EUN.eunm001237
005 20090317173855.0
008 070320s2006####mx#a#####b####001#0#spa#d
020 |a 9701051653 (obra completa) 
020 |a 9701051661 (v. 1) 
020 |a 970105167X (v. 2) 
041 1 |a spa  |h eng 
082 0 4 |a 616  |2 21 
245 0 0 |a Harrison. Principios de medicina interna /  |c editores, Dennis L. Kasper ... [et al.]. 
250 |a 16a. ed. 
260 |a México, D.F. :  |b McGraw-Hill Interamericana,  |c c2006. 
300 |a 2 v. (xxvii, 2607, [143] p.) :  |b il. (algunas col.) ;  |c 29 cm. 
500 |a Traducción de: Harrison's principles of internal medicine, 16th ed.; publicado por McGraw-Hill, c2005. 
504 |a Incluye referencias bibliográficas e índices. 
505 0 |a v. 1. Introducción a la medicina clínica -- Síntomas principales y cuadro inicial de las enfermedades -- La genética y las enfermedades -- Nutrición -- Oncología y hematología -- Enfermedades infecciosas -- Bioterrorismo y medicina clínica. 
505 0 |a v. 2. Enfermedades del aparato cardiovascular -- Enfermedades del aparato respiratorio -- Atención de enfermos en estado crítico -- Trastornos de riñón y las vías urinarias -- Enfermedades de las vías gastrointestinales -- Trastornos del sistema inmunitario, el tejido conectivo y las articulaciones -- Endocrinología y metabolismo -- Trastornos neurológicos -- Intoxicaciones, sobredosis medicamentosas y envenenamiento -- Acrónimos -- Apéndices -- Índice alfabético. 
650 7 |a Medicina.  |2 unbist 
653 |a Medicina interna 
700 1 |a Kasper, Dennis L. 
700 1 |a Harrison, Tinsley Randolph,  |d 1900-1978. 
859 |a AR-BaUNS  |b BIB. CENTRAL - DCS - Cons. HM  |h 616  |i H248a16  |p 117741/007  |v v.1  |3 v.1 
859 |a AR-BaUNS  |b BIB. CENTRAL - DCS - Cons. HM  |h 616  |i H248a16  |p 117744/007  |v v.2  |3 v.2 
859 |a AR-BaUNS  |b BIB. CENTRAL - DCS - Cons. HM  |h 616  |i H248a16  |p 117745/007  |t Ej.2  |v v.2  |3 v.2 
859 |a AR-BaUNS  |b BIB. CENTRAL - DCS - Cons. HM  |h 616  |i H248a16  |p 117746/007  |t Ej.3  |v v.2  |3 v.2